000 00381nam a2200157Ia 4500
008 210210b1977 xxu||||| |||| 00| 0 eng d
082 _a820.33 THOW
100 _aTHOMAS (Vernon)
245 _aWasted years
260 _aAllahabad
_bBetter yourself books
_c1977
300 _a278
650 _ayears
650 _aWasted
690 _aIndian English Fiction
906 _aSG01486
999 _c112991
_d112991